000 00490nam a2200181Ia 4500
008 240925s9999 xx 000 0 und d
020 _a9788176567527
082 _a004 SIN
100 _aSinha ,P. K.
245 0 _aComputer Fundamentals
250 _a6th
260 _aNew Delhi:
_bBPB Publication
_c,2011.
300 _axiv, 593p.
_bN.A
_fOriginal
500 _aIncludes Index
600 _aComputer Science
650 _aComputer science, information & general works
942 _cBK
999 _c12379
_d12379